000 00928nam a2200229 a 4500
001 BRCA_2187
005 20190320203715.0
008 930920m19901996sp-a---##c---#001-0#spa-#
020 _a8423943100 (Obra completa)
040 _aDLC
_cDLC
_dDLC
050 4 _aN3450
_b.M87 1990
245 1 0 _aMuseo del Prado
_binventario general de pinturas.
260 _aMadrid
_bMuseo del Prado : Espasa-Calpe
_c1990-1996
300 _a3 v.
_bil.
_c32 cm.
500 _aIncluye índice de artistas, índice topográfico, índice iconográfico y tablas de concordancias
500 _aLa biblioteca solo cuenta con el v. 1 y 2
505 0 _aContenido : v.1. La colección real. -- v.2. El Museo de la Trinidad : (bienes desamortizados). -- v.3. Nuevas adquisiciones : (desde 1856)
610 2 4 _aMuseo del Prado
_vCatálogos
_95480
650 1 4 _aPintura
_vCatálogos
_zEspaña
_92382
740 0 _aInventario general de pinturas
942 _2lcc
_cB
999 _c1943
_d1943